[Event "World Rapid Women 2018"]
[Site "St Petersburg RUS"]
[Date "2018.12.26"]
[Round "1.42"]
[White "Charochkina, Daria"]
[Black "Protopopova, Anastasiya"]
[Result "0-1"]
[WhiteTitle "IM"]
[BlackTitle "WFM"]
[WhiteElo "2344"]
[BlackElo "2304"]
[WhiteFideId "4180917"]
[BlackFideId "24172073"]
[EventDate "2018.12.26"]

1. d4 d5 2. c4 c6 3. Nc3 Nf6 4. Nf3 a6 5. c5 Bf5 6. Qb3 Ra7 7. Bf4 h6 8. h3 e6
9. e3 Be7 10. Be2 O-O 11. O-O Nbd7 12. Na4 Ne4 13. Rfd1 Re8 14. Nb6 Ndxc5 15.
dxc5 Nxc5 16. Qc3 Qxb6 17. Be5 Ne4 18. Qc1 Raa8 19. g4 Bh7 20. h4 Qd8 21. Kg2
Bxh4 22. Rh1 Bf6 23. Qg1 Bxe5 24. Nxe5 f6 25. Nd3 e5 26. Qh2 Qe7 27. Rae1 c5 28.
f3 Ng5 29. Nf2 Rad8 30. Kf1 Ne6 31. Kg2 d4 32. Bc4 dxe3 33. Rxe3 b5 34. Bxe6+
Qxe6 35. g5 fxg5 36. Rhe1 Rd5 37. Kg1 Bf5 38. Qg3 Qf6 39. Rf1 Red8 40. Ree1 Rd2
41. Rxe5 Rxb2 42. Rxc5 Rxa2 43. Re1 Bg6 44. Rc7 Ra1 45. Rxa1 Qxa1+ 46. Kg2 Qf6
47. Ra7 Rf8 48. Ng4 Qb2+ 49. Kh3 Bd3 50. Nf2 Bf5+ 51. Kg2 Qf6 52. Rb7 Qc6 53.
Rc7 Qf6 54. Rb7 Kh7 55. Ra7 Rf7 56. Ra8 Rf8 57. Ra7 b4 58. Qc7 Bg6 59. Qb7 Rf7
60. Qxa6 Qxf3+ 0-1

[Event "World Rapid Women 2018"]
[Site "St Petersburg RUS"]
[Date "2018.12.26"]
[Round "1.43"]
[White "Paramzina, Anastasya"]
[Black "Guichard, Pauline"]
[Result "1-0"]
[WhiteTitle "WGM"]
[BlackTitle "WGM"]
[WhiteElo "2229"]
[BlackElo "2378"]
[WhiteFideId "4165012"]
[BlackFideId "639370"]
[EventDate "2018.12.26"]

1. e4 e5 2. Nf3 Nc6 3. Bc4 Nf6 4. d3 Be7 5. O-O O-O 6. Re1 d6 7. a3 Na5 8. Ba2
c5 9. b4 Nc6 10. bxc5 dxc5 11. Bb2 Bd6 12. Nbd2 b5 13. a4 Rb8 14. axb5 Rxb5 15.
Nc4 Qe7 16. Bb3 Be6 17. Qc1 Rfb8 18. Ncxe5 Nxe5 19. Bxe5 Bxe5 20. Nxe5 Bxb3 21.
Nc6 Qb7 22. Nxb8 Be6 23. Na6 Nd7 24. Qf4 c4 25. Nc7 Rb2 26. Nxe6 fxe6 27. dxc4
h6 28. Qd6 Rb6 29. Qd4 Kf7 30. Red1 Nf6 31. e5 Ne4 32. f3 Ng5 33. h4 Nh7 34.
Qd7+ Kg8 35. Rxa7 1-0

[Event "World Rapid Women 2018"]
[Site "St Petersburg RUS"]
[Date "2018.12.26"]
[Round "1.44"]
[White "Kovanova, Baira"]
[Black "Borisova, Ekaterina"]
[Result "1-0"]
[WhiteTitle "WGM"]
[WhiteElo "2352"]
[BlackElo "2244"]
[WhiteFideId "4164083"]
[BlackFideId "34124184"]
[EventDate "2018.12.26"]

1. Nf3 d5 2. g3 g6 3. Bg2 Bg7 4. d3 e5 5. O-O Ne7 6. Nbd2 O-O 7. e4 c5 8. exd5
Nxd5 9. Re1 Nc6 10. Nc4 Re8 11. a4 h6 12. Bd2 b6 13. h3 Bb7 14. a5 b5 15. a6 Bc8
16. Na5 Bd7 17. Nb7 Qb6 18. Qc1 Ndb4 19. Bxh6 Nxa6 20. Nd6 Re6 21. Nxf7 Kxf7 22.
Ng5+ Kg8 23. Nxe6 Bxe6 24. Qg5 Bf7 25. Bxg7 Kxg7 26. Rxe5 Rc8 27. Re4 Rh8 28.
Rf4 Nd4 29. Qe5+ Kg8 30. Rxf7 Kxf7 31. Qxh8 Nc7 32. c3 Nde6 33. Qe5 a5 34. h4 b4
35. h5 gxh5 36. Qxh5+ Kf6 37. Qh4+ Kf7 38. cxb4 axb4 39. Re1 Qd6 40. Qc4 Kg7 41.
Qg4+ Kf6 42. Bh3 Nd4 43. Qh4+ Kg6 44. Qe4+ Kf6 45. Bg4 Nd5 46. Qh7 Qf8 47. Qh4+
Kg7 48. Qg5+ 1-0

[Event "World Rapid Women 2018"]
[Site "St Petersburg RUS"]
[Date "2018.12.26"]
[Round "1.45"]
[White "Kosteniuk, Oksana"]
[Black "Tokhirjonova, Gulrukhbegim"]
[Result "0-1"]
[WhiteTitle "WFM"]
[BlackTitle "WGM"]
[WhiteElo "2096"]
[BlackElo "2444"]
[WhiteFideId "4187725"]
[BlackFideId "14203626"]
[EventDate "2018.12.26"]

1. Nf3 d5 2. g3 Bg4 3. Bg2 c6 4. O-O Nd7 5. d3 Ngf6 6. Nbd2 e5 7. e4 Bd6 8. h3
Bh5 9. c3 O-O 10. Qc2 Re8 11. Re1 a5 12. Nf1 dxe4 13. dxe4 Nc5 14. g4 Bg6 15.
Ng3 Bc7 16. Bg5 Qd3 17. Qxd3 Nxd3 18. Re2 Nf4 19. Ree1 Nd7 20. Nd2 Nc5 21. b4
axb4 22. cxb4 Ncd3 23. Re3 Nxb4 24. Rb3 Nc2 25. Rab1 b5 26. Rc3 Nd4 27. Bf1 Ba5
28. Rd3 Nxd3 29. Bxd3 Bxd2 30. Bxd2 Nf3+ 0-1

[Event "World Rapid Women 2018"]
[Site "St Petersburg RUS"]
[Date "2018.12.26"]
[Round "1.46"]
[White "Bivol, Alina"]
[Black "Iljushina, Olga"]
[Result "1-0"]
[WhiteTitle "WGM"]
[BlackTitle "WGM"]
[WhiteElo "2393"]
[BlackElo "2259"]
[WhiteFideId "4100123"]
[BlackFideId "4152280"]
[EventDate "2018.12.26"]

1. Nf3 c5 2. g3 Nc6 3. Bg2 e5 4. O-O g6 5. c4 Bg7 6. Nc3 Nge7 7. d3 d6 8. Ne1
Be6 9. Nc2 d5 10. cxd5 Nxd5 11. Ne3 Nde7 12. Ne4 b6 13. Ng5 Bd7 14. Nc4 Qc7 15.
Ne4 O-O 16. f4 f5 17. Nc3 Rae8 18. Nb5 Qb8 19. Ncd6 Rd8 20. Qb3+ Kh8 21. Nf7+
Rxf7 22. Qxf7 Be8 23. Qb3 Na5 24. Qe6 Ng8 25. a4 c4 26. fxe5 Bxe5 27. d4 Bg7 28.
Bf4 Qc8 29. Qxc8 Rxc8 30. Nd6 Rd8 31. Nxe8 Rxe8 32. e3 h6 33. h4 Bf6 34. Rae1
Kg7 35. Bd6 Nb3 36. Bb4 a5 37. Bc3 Ne7 38. Rd1 Nc8 39. Rfe1 Nd6 40. Re2 g5 41.
hxg5 Bxg5 42. Rde1 Kg6 43. e4 fxe4 44. Bxe4+ Nxe4 45. Rxe4 Rxe4 46. Rxe4 Kf5 47.
Re5+ Kg4 48. Kg2 Nc1 49. d5 Nd3 50. Re4+ Kf5 51. Rxc4 Be7 52. Rc6 Bc5 53. Rxh6
Ne5 54. Rh5+ 1-0

[Event "World Rapid Women 2018"]
[Site "St Petersburg RUS"]
[Date "2018.12.26"]
[Round "1.47"]
[White "Diakonova, Ekaterina"]
[Black "Zhukova, Natalia"]
[Result "0-1"]
[BlackTitle "GM"]
[WhiteElo "2225"]
[BlackElo "2377"]
[WhiteFideId "24172936"]
[BlackFideId "14101513"]
[EventDate "2018.12.26"]

1. e4 e6 2. d4 d5 3. Nc3 Bb4 4. a3 Bxc3+ 5. bxc3 dxe4 6. Qg4 Nf6 7. Qxg7 Rg8 8.
Qh6 b6 9. Bb2 Nbd7 10. O-O-O Bb7 11. Qf4 Nh5 12. Qe3 Qe7 13. f3 exf3 14. Nxf3
O-O-O 15. g3 Nhf6 16. Bg2 Kb8 17. c4 Qf8 18. Nh4 Ng4 19. Qf4 Qd6 20. Qd2 Bxg2
21. Nxg2 Qc6 22. Qe2 e5 23. d5 Qc5 24. Rhf1 f6 25. h3 Nh6 26. g4 Nf7 27. Ne3 Nd6
28. Kb1 Qa5 29. Qd2 Qxd2 30. Rxd2 Ne4 31. Rdd1 h5 32. Nf5 hxg4 33. Ne7 gxh3 34.
Nc6+ Kc8 35. Nxd8 Kxd8 36. Rfe1 Nf2 37. Rd2 Rg2 38. Ka2 Nc5 39. Rde2 h2 40. Rh1
Nce4 41. Kb3 Ng3 42. Ree1 Nfxh1 0-1

[Event "World Rapid Women 2018"]
[Site "St Petersburg RUS"]
[Date "2018.12.26"]
[Round "1.48"]
[White "Buksa, Nataliya"]
[Black "Maroroa, Sue"]
[Result "1-0"]
[WhiteTitle "IM"]
[BlackTitle "WIM"]
[WhiteElo "2410"]
[BlackElo "2120"]
[WhiteFideId "14123622"]
[BlackFideId "4301498"]
[EventDate "2018.12.26"]

1. d4 Nf6 2. Nc3 d5 3. Bf4 e6 4. e3 Be7 5. Nf3 c6 6. Bd3 Nh5 7. Be5 Nd7 8. h3
Nxe5 9. dxe5 g6 10. Qd2 Qa5 11. Nd4 Bd7 12. a3 c5 13. Nf3 Bc6 14. O-O d4 15. Ne4
Qxd2 16. Nexd2 dxe3 17. fxe3 O-O 18. g4 Ng7 19. Ne4 c4 20. Nf6+ Bxf6 21. exf6
cxd3 22. fxg7 Kxg7 23. cxd3 Bxf3 24. Rxf3 Rfd8 25. d4 Rac8 26. Raf1 Rd7 27. R3f2
e5 28. d5 e4 29. Rd1 Rc5 30. Rd4 Rdxd5 31. Rxe4 Re5 32. Rd4 Rc7 33. Rd3 h5 34.
Kg2 hxg4 35. hxg4 Kh6 36. Kf3 Kg5 37. Rfd2 Rc6 38. Rd6 Rc1 39. R2d5 Rc5 40.
Rxe5+ Rxe5 41. Rd7 f5 42. gxf5 Rxf5+ 43. Ke4 Rb5 44. Rd5+ Rxd5 45. Kxd5 Kf6 46.
e4 g5 47. Kd6 g4 48. e5+ Kf7 49. Kd7 g3 50. e6+ Kf6 51. e7 g2 52. e8=Q g1=Q 53.
Qf8+ Ke5 54. Qb8+ Kf6 55. Qd6+ Kg7 56. Qe5+ Kf7 57. Qd5+ Kf6 58. Qe6+ Kg7 59.
Qe5+ Kf7 60. Kc8 b6 61. Kb7 b5 62. Qxb5 Ke7 63. b4 Qg3 64. Qc5+ Kd8 65. Qd4+ Ke8
66. a4 Qg6 67. Kxa7 Qf7+ 68. Ka6 Qe6+ 69. Qb6 Qc8+ 70. Qb7 Qe6+ 71. Ka5 Qf6 72.
Qd5 Qc3 73. Kb5 Qe1 74. a5 Qe2+ 75. Qc4 Qe5+ 76. Qc5 Qe2+ 77. Kb6 Qe1 78. a6 Kd8
79. Qd6+ Ke8 80. a7 Qf2+ 81. Qc5 1-0

[Event "World Rapid Women 2018"]
[Site "St Petersburg RUS"]
[Date "2018.12.26"]
[Round "1.49"]
[White "Tomashevskaya, Lidia"]
[Black "Gritsayeva, Oksana"]
[Result "0-1"]
[WhiteTitle "WIM"]
[BlackTitle "WFM"]
[WhiteElo "2123"]
[BlackElo "2378"]
[WhiteFideId "4113110"]
[BlackFideId "14104652"]
[EventDate "2018.12.26"]

1. e4 e5 2. Nf3 Nc6 3. Bb5 Nge7 4. O-O g6 5. d4 exd4 6. Nxd4 Bg7 7. c3 O-O 8.
Bg5 h6 9. Bh4 Nxd4 10. cxd4 g5 11. Bg3 c6 12. Bc4 d5 13. exd5 cxd5 14. Bb3 Nc6
15. Nc3 Be6 16. Nb5 a6 17. Nc7 Rc8 18. Nxe6 fxe6 19. Qg4 Nxd4 20. Rad1 Qf6 21.
Rxd4 Qxd4 22. Qxe6+ Kh8 23. Qxd5 Qxd5 24. Bxd5 b5 25. b4 Rc2 26. Rd1 Rfc8 27.
Kf1 Rc1 28. Bb3 Rxd1+ 29. Bxd1 Rc4 30. Bb3 Rxb4 31. Ke2 a5 32. Bd6 Re4+ 33. Kf3
Rd4 34. Bc5 Rf4+ 35. Ke3 a4 36. Be6 Rf6 37. Bd7 Rf7 38. Be6 Rc7 39. Bb4 Bc3 40.
Bf8 Bf6 41. Bb4 Be7 42. Ba5 Rc6 43. Bd5 Rc2 44. f4 gxf4+ 45. Kd3 Rc8 46. Bc3+
Kh7 47. Be4+ Kg8 48. Be5 b4 49. Bxf4 Bg5 50. Bd5+ Kg7 51. Be5+ Bf6 52. Bf4 Rc3+
53. Ke4 b3 54. axb3 axb3 55. Bd2 b2 56. Ba2 Rc1 0-1

[Event "World Rapid Women 2018"]
[Site "St Petersburg RUS"]
[Date "2018.12.26"]
[Round "1.50"]
[White "Dordzhieva, Dinara"]
[Black "Utiatskaja, Irina"]
[Result "1-0"]
[WhiteTitle "WIM"]
[BlackTitle "WIM"]
[WhiteElo "2340"]
[BlackElo "2246"]
[WhiteFideId "24157570"]
[BlackFideId "24140848"]
[EventDate "2018.12.26"]

1. Nf3 Nf6 2. c4 g6 3. g3 Bg7 4. Bg2 O-O 5. d4 d6 6. Nc3 Nc6 7. O-O e5 8. d5 Nb8
9. e4 a5 10. a3 Na6 11. Ne1 Nc5 12. b3 a4 13. b4 Nb3 14. Rb1 Bd7 15. h3 Ne8 16.
Nd3 f5 17. c5 f4 18. Kh2 g5 19. g4 Nf6 20. f3 h5 21. Kg1 Kf7 22. Bb2 Rh8 23. Ne2
Nh7 24. Nec1 Nd4 25. Ne2 Nb3 26. Ndc1 Nf6 27. Nxb3 axb3 28. Nc1 Qg8 29. Kf2 hxg4
30. hxg4 Rh2 31. Rh1 Qh7 32. Qg1 Qh4+ 33. Ke2 Bb5+ 34. Kd2 Rh8 35. Rxh2 Qxh2 36.
Ne2 Bxe2 37. Kxe2 Qg3 38. Qf2 Rh2 39. Qxg3 fxg3 40. Kf1 Nh7 41. Bc3 Nf8 42. Be1
Ng6 43. Bxg3 Rh8 44. Rxb3 Nf4 45. Rc3 Ke7 46. Kf2 Bf6 47. Bf1 Rh1 48. c6 b6 49.
a4 Rh8 50. a5 bxa5 51. bxa5 Rb8 52. Rc2 Rb3 53. Ra2 Kd8 54. a6 Rb8 55. Kg1 Be7
56. Bf2 Ng6 57. a7 1-0

[Event "World Rapid Women 2018"]
[Site "St Petersburg RUS"]
[Date "2018.12.26"]
[Round "1.51"]
[White "Komiagina, Maria"]
[Black "Fominykh, Maria"]
[Result "1-0"]
[WhiteTitle "WIM"]
[BlackTitle "WGM"]
[WhiteElo "2234"]
[BlackElo "2259"]
[WhiteFideId "4153987"]
[BlackFideId "4142411"]
[EventDate "2018.12.26"]

1. e4 g6 2. d4 Bg7 3. Nc3 d6 4. Bg5 a6 5. a4 c5 6. d5 Qb6 7. Rb1 Nf6 8. Bd3 h6
9. Bd2 e6 10. dxe6 Bxe6 11. Nf3 O-O 12. O-O Nc6 13. Re1 Rfe8 14. h3 Rad8 15. b3
Nb4 16. Bf1 Nd7 17. Nh2 Kh7 18. Ng4 f5 19. exf5 gxf5 20. Nxh6 Kg6 21. Qf3 Bxh6
22. Qg3+ Kf7 23. Bxh6 Rg8 24. Qh4 Ne5 25. Qh5+ Ng6 26. Bg5 Rde8 27. Rbc1 Qc6 28.
Re3 d5 29. Rg3 Bc8 30. Ne2 Rg7 31. Nf4 Rh8 32. Qf3 Ne5 33. Qe2 Qd6 34. Nh5 Rg6
35. Bf4 Nbc6 36. Re1 Nd4 37. Qxe5 Qxe5 38. Rxe5 Rxh5 39. Rxg6 Kxg6 40. Rxd5 Ne6
41. Bd6 f4 42. Bd3+ Kh6 43. Rxh5+ Kxh5 44. Kf1 Kg5 45. Be7+ Kh6 46. Bf6 b6 47.
Ke2 Bb7 48. g4 Bg2 49. h4 Nc7 50. f3 Nd5 51. Be5 Nb4 52. Be4 b5 53. axb5 axb5
54. Bd6 Na6 55. Bd3 1-0

[Event "World Rapid Women 2018"]
[Site "St Petersburg RUS"]
[Date "2018.12.26"]
[Round "1.52"]
[White "Tsatsalashvili, Keti"]
[Black "Belova, Olga"]
[Result "1-0"]
[WhiteTitle "WGM"]
[BlackTitle "WFM"]
[WhiteElo "2303"]
[BlackElo "2069"]
[WhiteFideId "13603434"]
[BlackFideId "4138422"]
[EventDate "2018.12.26"]

1. d4 Nf6 2. c4 e6 3. Nf3 Bb4+ 4. Nbd2 Nc6 5. e3 d6 6. Be2 O-O 7. O-O Bxd2 8.
Nxd2 e5 9. d5 Ne7 10. b3 c6 11. dxc6 bxc6 12. Bb2 Qc7 13. Rc1 Bf5 14. f3 Nd7 15.
f4 Qb6 16. c5 Nxc5 17. Nc4 Qc7 18. fxe5 dxe5 19. Bxe5 Qc8 20. Nd6 1-0

[Event "World Rapid Women 2018"]
[Site "St Petersburg RUS"]
[Date "2018.12.26"]
[Round "1.53"]
[White "Doan, Thi Van Anh"]
[Black "Romanovskaya, Anna"]
[Result "1-0"]
[WhiteTitle "WFM"]
[BlackTitle "WFM"]
[WhiteElo "1950"]
[BlackElo "2210"]
[WhiteFideId "12400491"]
[BlackFideId "4164725"]
[EventDate "2018.12.26"]

1. d4 g6 2. Nf3 Bg7 3. e4 d6 4. Bc4 e6 5. Bg5 Ne7 6. O-O a6 7. a4 b6 8. Qe2 Bb7
9. Nc3 Nd7 10. Rad1 h6 11. Bh4 g5 12. Bg3 Ng6 13. e5 Qe7 14. exd6 cxd6 15. Bd3
Nf4 16. Bxf4 gxf4 17. Be4 d5 18. Bd3 Rg8 19. Qd2 Qd6 20. Ne2 O-O-O 21. Qxf4 Qxf4
22. Nxf4 e5 23. dxe5 Nxe5 24. Bf5+ Kc7 25. Nxe5 Bxe5 26. Nd3 d4 27. f3 Bd6 28.
Rde1 Rg5 29. Be4 Rdg8 30. Rf2 Bc8 31. g3 h5 32. Kf1 Be6 33. f4 R5g7 34. f5 Bd7
35. b3 h4 36. gxh4 Bb4 37. Nxb4 1-0

[Event "World Rapid Women 2018"]
[Site "St Petersburg RUS"]
[Date "2018.12.26"]
[Round "1.54"]
[White "Haussernot, Cecile"]
[Black "Loskutova, Viktoriya"]
[Result "1-0"]
[WhiteTitle "WIM"]
[BlackTitle "WFM"]
[WhiteElo "2196"]
[BlackElo "2105"]
[WhiteFideId "601632"]
[BlackFideId "34166278"]
[EventDate "2018.12.26"]

1. e4 c5 2. Nf3 g6 3. Bc4 Bg7 4. O-O e6 5. d4 cxd4 6. Nxd4 a6 7. a4 Nc6 8. Be3
Nge7 9. Qd2 O-O 10. Nc3 Ne5 11. Be2 d5 12. f4 N5c6 13. e5 f6 14. Bg4 Nxd4 15.
Bxd4 fxe5 16. Bxe5 Qb6+ 17. Kh1 Nc6 18. Bxg7 Kxg7 19. Rae1 Qd4 20. Qc1 Rf6 21.
Rf3 h5 22. Bh3 Qb4 23. f5 d4 24. Ne4 exf5 25. Nxf6 Kxf6 26. Re8 Ne5 27. Rf1 Qxa4
28. Rd8 Nf7 29. Rg8 b6 30. Qf4 Bb7 31. Rxa8 Bxa8 32. Bxf5 Kg7 33. Bxg6 1-0

[Event "World Rapid Women 2018"]
[Site "St Petersburg RUS"]
[Date "2018.12.26"]
[Round "1.55"]
[White "Injac, Teodora"]
[Black "Tomilova, Elena"]
[Result "1/2-1/2"]
[WhiteTitle "WIM"]
[BlackTitle "WIM"]
[WhiteElo "2325"]
[BlackElo "2338"]
[WhiteFideId "932400"]
[BlackFideId "4162340"]
[EventDate "2018.12.26"]

1. d4 d5 2. Nf3 Nf6 3. c4 c6 4. Nbd2 Bf5 5. Nh4 Bg6 6. Qb3 Qc7 7. g3 e6 8. Nxg6
hxg6 9. Bg2 Nbd7 10. O-O a5 11. e4 dxe4 12. Nxe4 Nxe4 13. Bxe4 a4 14. Qc2 Be7
15. Be3 Qa5 16. f4 Nf6 17. Bf3 O-O 18. Rad1 Rfd8 19. Kg2 Rd7 20. g4 Rad8 21. g5
Ne8 22. h4 Nd6 23. Bg4 a3 24. b3 Nf5 25. Bxf5 Qxf5 26. Qxf5 gxf5 27. Rc1 b6 28.
c5 bxc5 29. dxc5 Rd3 30. Kf3 f6 31. Ke2 fxg5 32. hxg5 R3d5 33. Rfd1 Rb8 34. Rxd5
exd5 35. Kd3 Bd8 36. Rb1 Ba5 37. Bd4 Bb4 38. Rc1 Rb5 39. Rc2 Kf7 40. Ke2 Ra5 1/2-1/2

[Event "World Rapid Women 2018"]
[Site "St Petersburg RUS"]
[Date "2018.12.26"]
[Round "1.56"]
[White "Nguyen, Thi Mai Hung"]
[Black "Garcia Martin, Marta"]
[Result "1/2-1/2"]
[WhiteTitle "WGM"]
[BlackTitle "FM"]
[WhiteElo "2280"]
[BlackElo "2301"]
[WhiteFideId "12401676"]
[BlackFideId "32084030"]
[EventDate "2018.12.26"]

1. d4 d5 2. Nf3 Nf6 3. c4 e6 4. Nc3 a6 5. cxd5 exd5 6. Bg5 Be6 7. e3 Nbd7 8. Bd3
Bd6 9. O-O c6 10. Qc2 Qc7 11. Rfe1 O-O 12. e4 dxe4 13. Nxe4 Nxe4 14. Bxe4 h6 15.
Bh4 Rfe8 16. Rac1 Qa5 17. a3 Qh5 18. Bg3 Bxg3 19. hxg3 Nf6 20. Bd3 Bd5 21. Re5
Rxe5 22. Nxe5 Ng4 23. Nxg4 Qxg4 24. Qc3 h5 25. Re1 h4 26. Be2 Qg5 27. Bf1 hxg3
28. Qxg3 Qxg3 29. fxg3 Kf8 30. Kf2 Rd8 31. Re5 g6 32. Re1 Rd6 33. Be2 Bb3 34.
Ke3 Re6+ 35. Kd2 Re4 36. Kd3 Bd5 37. Rh1 Re6 38. Bf3 Bxf3 39. gxf3 Ke7 40. Rh8
Kd6 41. Rd8+ Kc7 42. Rf8 Re7 43. g4 Kd6 44. b4 Ke6 45. Rb8 Kd6 46. Rd8+ Kc7 47.
Rf8 Kb6 48. Kc4 Rd7 49. f4 a5 50. Ra8 axb4 51. axb4 Rd6 52. Re8 Rf6 53. Re4 Rd6
54. Re7 Rf6 55. Re4 Ka6 56. f5 gxf5 57. Rf4 Kb6 58. d5 Rd6 59. Rxf5 cxd5+ 60.
Kd4 f6 61. Rxd5 Re6 62. Rf5 Kc6 63. Rc5+ Kd6 64. Rf5 Kc6 65. Rc5+ Kd6 66. Rb5
Kc6 67. Rf5 Kd6 68. Rf4 Kc6 69. Kc4 Rd6 70. Rf5 Re6 71. Kd4 Kd6 72. Rd5+ Kc6 73.
Rf5 1/2-1/2

[Event "World Rapid Women 2018"]
[Site "St Petersburg RUS"]
[Date "2018.12.26"]
[Round "1.57"]
[White "Bulatova, Kamaliya"]
[Black "Vo, Thi Kim Phung"]
[Result "0-1"]
[WhiteTitle "WFM"]
[BlackTitle "WGM"]
[WhiteElo "2007"]
[BlackElo "2352"]
[WhiteFideId "34111546"]
[BlackFideId "12401838"]
[EventDate "2018.12.26"]

1. d4 Nf6 2. c4 e6 3. Nc3 d5 4. cxd5 exd5 5. Bg5 c6 6. Qc2 Be6 7. e3 Nbd7 8. Bd3
Bd6 9. f4 h6 10. Bh4 Nb6 11. Nf3 Be7 12. Ne5 g5 13. f5 Bd7 14. Bf2 Qc8 15. O-O-O
a6 16. Qb3 Qc7 17. Bg3 Bd6 18. Nxf7 Kxf7 19. Bxd6 Qxd6 20. Qxb6 Rhe8 21. Rde1
Re7 22. h3 Rae8 23. Nd1 Qg3 24. Rhg1 Rxe3 25. Nxe3 Rxe3 26. Qb4 a5 27. Qxa5 Rxd3
28. Rgf1 Rxd4 29. Qd8 Rc4+ 30. Kb1 Qd3+ 31. Ka1 Re4 32. Rd1 Qe2 33. g4 Be8 34.
a3 Qg2 35. Qb6 Re7 36. Rfe1 Ne4 37. Rxd5 Qf2 0-1

[Event "World Rapid Women 2018"]
[Site "St Petersburg RUS"]
[Date "2018.12.26"]
[Round "1.58"]
[White "Nomin-Erdene, Davaademberel"]
[Black "Kirchei, Viktoriia"]
[Result "1-0"]
[WhiteTitle "IM"]
[WhiteElo "2376"]
[BlackElo "1972"]
[WhiteFideId "4900782"]
[BlackFideId "34133396"]
[EventDate "2018.12.26"]

1. e4 c5 2. Nf3 Nc6 3. d4 cxd4 4. Nxd4 g6 5. c4 Bg7 6. Be3 d6 7. Nc3 Nf6 8. Be2
O-O 9. O-O Bd7 10. f3 Nxd4 11. Bxd4 Bc6 12. Qd2 b6 13. Rfc1 Rc8 14. b4 e6 15. a4
Qe7 16. a5 Rb8 17. b5 Ba8 18. axb6 axb6 19. Ra6 Nd7 20. Bxg7 Kxg7 21. Ra7 Rfd8
22. Rd1 Qf6 23. Na2 Nc5 24. Nb4 Nb3 25. Qe3 Na5 26. Na6 Rbc8 27. Nc7 Nb7 28.
Qxb6 Qb2 29. Kf1 Nc5 30. Nxa8 Rxa8 31. Rxa8 Rxa8 32. Qxd6 Ra2 33. Qd4+ Qxd4 34.
Rxd4 Nb3 35. Rd1 Nd2+ 36. Ke1 Nb3 37. e5 Rc2 38. h3 Nc5 39. Rd2 Rc3 40. Kf2 f6
41. exf6+ Kxf6 42. Rb2 Na4 43. Rb4 Nb6 44. Ke1 Re3 45. Kd2 Re5 46. Kd3 Rc5 47.
Kd4 Rc7 48. Rb1 e5+ 49. Kc3 Nd5+ 50. Kb3 Nf4 51. Bf1 Ne6 52. Kb4 Ke7 53. b6 Rc8
54. Kb5 Nd4+ 55. Ka6 Kd7 56. b7 Rb8 57. Rb6 Kc7 58. c5 Nc6 59. Bb5 Nd8 60. c6
Ne6 61. Bc4 Nc5+ 62. Ka7 Na4 63. Rb1 Nc5 64. Rb5 Na4 65. Rxe5 1-0

[Event "World Rapid Women 2018"]
[Site "St Petersburg RUS"]
[Date "2018.12.26"]
[Round "1.59"]
[White "Yurasova, Daria"]
[Black "Mammadzada, Gunay"]
[Result "1/2-1/2"]
[BlackTitle "IM"]
[WhiteElo "2190"]
[BlackElo "2422"]
[WhiteFideId "34146919"]
[BlackFideId "13403729"]
[EventDate "2018.12.26"]

1. d4 d5 2. c4 c6 3. Nf3 Nf6 4. g3 dxc4 5. Bg2 g6 6. O-O Bg7 7. Ne5 Ng4 8. Nxg4
Bxg4 9. Be3 Nd7 10. Na3 Nb6 11. Rc1 Be6 12. Qd2 O-O 13. Rfd1 f5 14. Bh6 Bxh6 15.
Qxh6 Qe8 16. Nc2 Nd5 17. Ne1 Nf6 18. Nf3 Bd5 19. Ng5 e5 20. dxe5 Qxe5 21. Bxd5+
cxd5 22. Rxc4 Rfc8 23. Rcd4 Rc7 24. R4d2 Rac8 25. Nf3 Qe4 26. Qg5 Kg7 27. Nh4
Rc2 28. Qf4 Rxd2 29. Qxd2 Rc2 30. Qa5 Qxe2 31. Rf1 Qa6 32. Qd8 Qe6 33. Ng2 Qd7
34. Qb8 Rxb2 35. Rc1 Qe6 36. Nf4 Qe4 37. Qc7+ Kh6 38. Rf1 Rb1 39. Qf7 Rxf1+ 40.
Kxf1 Ne8 41. h4 Ng7 42. Qf6 Qh1+ 43. Ke2 Qe4+ 44. Kf1 Qh1+ 45. Ke2 Qe4+ 46. Kf1 1/2-1/2

[Event "World Rapid Women 2018"]
[Site "St Petersburg RUS"]
[Date "2018.12.26"]
[Round "1.60"]
[White "Lelekova, Olga"]
[Black "Nazarova, Anastasia"]
[Result "0-1"]
[WhiteTitle "WIM"]
[BlackTitle "WFM"]
[WhiteElo "2261"]
[BlackElo "2157"]
[WhiteFideId "4164903"]
[BlackFideId "34101737"]
[EventDate "2018.12.26"]

1. e4 c5 2. Nf3 Nc6 3. d4 cxd4 4. Nxd4 g6 5. Be3 Nf6 6. Nc3 Bg7 7. f3 O-O 8. Qd2
d5 9. Nxc6 bxc6 10. e5 Nd7 11. f4 e6 12. Na4 f6 13. Nc5 Nxc5 14. Bxc5 Rf7 15.
Qe3 fxe5 16. fxe5 Qa5+ 17. b4 Qd8 18. Bd3 a5 19. Ke2 axb4 20. Bxb4 Qh4 21. a3
Bh6 22. Qg3 Qh5+ 23. Ke1 Bf4 24. Qf3 Qxe5+ 25. Kf2 Be3+ 26. Ke2 Bd4+ 27. Kd2
Rxf3 28. gxf3 Qe3+ 0-1

[Event "World Rapid Women 2018"]
[Site "St Petersburg RUS"]
[Date "2018.12.26"]
[Round "1.61"]
[White "Alieva, Alexandra"]
[Black "Vega Gutierrez, Sabrina"]
[Result "0-1"]
[WhiteTitle "WFM"]
[BlackTitle "IM"]
[WhiteElo "2102"]
[BlackElo "2390"]
[WhiteFideId "24133353"]
[BlackFideId "2219026"]
[EventDate "2018.12.26"]

1. e4 c5 2. Nf3 e6 3. b3 Nc6 4. Bb2 b6 5. Bd3 Bb7 6. c4 Nb4 7. Bc2 Nxc2+ 8. Qxc2
d6 9. d4 cxd4 10. Nxd4 Nf6 11. Nc3 Be7 12. O-O O-O 13. Rad1 Qb8 14. Ba3 Nd7 15.
Qe2 a6 16. f4 Re8 17. f5 e5 18. Nc2 b5 19. cxb5 axb5 20. Qxb5 Qc7 21. Rf3 Nf6
22. Qe2 Rxa3 23. Nxa3 Qc5+ 24. Kh1 Qxa3 25. Qb5 Qa6 26. Qxa6 Bxa6 27. h3 Rc8 28.
Re3 Bb7 29. a4 Kf8 30. a5 Bd8 31. Ra1 Ba6 32. b4 Rb8 33. b5 Bb7 34. a6 Ba8 35.
Rd1 Bb6 36. Re2 Ke7 37. Rb1 Bd4 38. Nd5+ Bxd5 39. exd5 Nxd5 40. Rc2 Kd7 41. Rb3
Nc7 42. Ra2 Rxb5 43. a7 Rxb3 44. a8=Q Nxa8 45. Rxa8 Rb1+ 46. Kh2 e4 47. Kg3 Rf1 0-1

[Event "World Rapid Women 2018"]
[Site "St Petersburg RUS"]
[Date "2018.12.26"]
[Round "1.62"]
[White "Murashova, Ekaterina"]
[Black "Munkhzul, Turmunkh"]
[Result "1-0"]
[WhiteTitle "WIM"]
[BlackTitle "WFM"]
[WhiteElo "2259"]
[BlackElo "2255"]
[WhiteFideId "4171985"]
[BlackFideId "4901878"]
[EventDate "2018.12.26"]

1. e4 c5 2. Nf3 d6 3. d4 cxd4 4. Nxd4 Nf6 5. Nc3 a6 6. f3 e5 7. Nb3 Be6 8. Be3
Be7 9. Qd2 Nbd7 10. g4 O-O 11. O-O-O b5 12. h4 b4 13. Nd5 Bxd5 14. exd5 a5 15.
Bb5 Qc7 16. Kb1 Nb6 17. Bc6 Nc4 18. Qe2 Nxe3 19. Qxe3 Ra6 20. Qd3 Ra7 21. Nd2 a4
22. Rdg1 Qb6 23. h5 a3 24. b3 Nd7 25. Bxd7 Rxd7 26. g5 Rc7 27. Ne4 Rfc8 28. Rg2
Kh8 29. g6 f5 30. h6 gxh6 31. g7+ Kg8 32. Ng3 e4 33. Nxf5 Bg5 34. Rxg5 hxg5 35.
Nh6+ Kxg7 36. Qxe4 Qc5 37. Nf5+ Kh8 38. c4 bxc3 39. Ne7 c2+ 40. Kc1 Rxe7 41.
Qxe7 Qc7 42. Rxh7+ Kg8 43. Qxc7 Rxc7 44. Rxc7 1-0